000 00301nam a2200133 4500
008 230619b xxu||||| |||| 00| 0 eng d
020 _a0750626267
082 _a005.8
_bSTE
100 _cMoira Stephen
245 _aWord Pro Made Simple
260 _bOxford
_c1995
300 _a150p
942 _2ddc
_cBK
999 _c1218
_d1218